00617nam a2200181Ia 4500003000900000008004100009020002200050040001600072080002500088100001600113245007700129260007200206300002300278650003700301650004100338650003400379700002200413IN-BaIIA211028s9999 xx 000 0 eng d a978-0-8194-7222-9 cIIA Library a535(082.1)bSPI-7012 aStepp, L. M 0aGround-based and airborne telescopes IIcL. M Stepp and Roberto Gilmozzi aWashingtonbThe International Society for Optical Engineeringc2008 a[various pagings.] aAirborne telescopes - congresses aGround-based telescopes - congresses aSolar telescopes - congresses aGilmozzi, Roberto